Statistics for Top 10 Richest Countries in the Americas

Click here to take the quiz!

General Stats

  • This quiz has been taken 41,192 times
    (16,493 since last reset)
  • The average score is 7 of 10

Answer Stats

GDP per CapitaCountry% Correct
$76,000United States
100%
$57,800Canada
99%
$25,800Argentina
86%
$28,500Chile
83%
$36,100Panama
75%
$40,300Bahamas
74%
$26,700Uruguay
69%
$26,100Saint Kitts and Nevis
58%
$29,900Trinidad and Tobago
53%
$38,300Guyana
49%

Score Distribution

Percentile by Number Answered

Percent of People with Each Score

Your Score History

You have not taken this quiz since the last reset